| 000 -LEADER |
| fixed length control field |
02013cam a22004218i 4500 |
| 001 - CONTROL NUMBER |
| control field |
21598448 |
| 003 - CONTROL NUMBER IDENTIFIER |
| control field |
NUST |
| 005 - DATE AND TIME OF LATEST TRANSACTION |
| control field |
20220721123736.0 |
| 006 - FIXED-LENGTH DATA ELEMENTS--ADDITIONAL MATERIAL CHARACTERISTICS |
| fixed length control field |
m |o d | |
| 007 - PHYSICAL DESCRIPTION FIXED FIELD--GENERAL INFORMATION |
| fixed length control field |
cr ||||||||||| |
| 008 - FIXED-LENGTH DATA ELEMENTS--GENERAL INFORMATION |
| fixed length control field |
200624s2020 nju o 001 0 eng c |
| 010 ## - LIBRARY OF CONGRESS CONTROL NUMBER |
| LC control number |
2020028697 |
| 020 ## - INTERNATIONAL STANDARD BOOK NUMBER |
| International Standard Book Number |
978-1-119-66796-4 |
| Qualifying information |
(epub) |
| 020 ## - INTERNATIONAL STANDARD BOOK NUMBER |
| International Standard Book Number |
9781119501985 |
| Qualifying information |
(adobe pdf) |
| 020 ## - INTERNATIONAL STANDARD BOOK NUMBER |
| Canceled/invalid ISBN |
9781119502012 |
| 040 ## - CATALOGING SOURCE |
| Original cataloging agency |
DLC |
| Language of cataloging |
eng |
| Transcribing agency |
DLC |
| Description conventions |
rda |
| 042 ## - AUTHENTICATION CODE |
| Authentication code |
pcc |
| 050 00 - LIBRARY OF CONGRESS CALL NUMBER |
| Classification number |
TK454 |
| 082 00 - DEWEY DECIMAL CLASSIFICATION NUMBER |
| Classification number |
621.3192, IRW |
| Edition number |
23 |
| 100 1# - MAIN ENTRY--PERSONAL NAME |
| Personal name |
Irwin, J. David, |
| Dates associated with a name |
1939- |
| Relator term |
author. |
| 245 10 - TITLE STATEMENT |
| Title |
Basic engineering circuit analysis / |
| Statement of responsibility, etc. |
J. David Irwin, R. Mark Nelms. |
| 250 ## - EDITION STATEMENT |
| Edition statement |
12th edition. |
| Remainder of edition statement |
International Adaptation |
| 263 ## - PROJECTED PUBLICATION DATE |
| Projected publication date |
2009 |
| 264 #1 - PRODUCTION, PUBLICATION, DISTRIBUTION, MANUFACTURE, AND COPYRIGHT NOTICE |
| Place of production, publication, distribution, manufacture |
Hoboken, NJ : |
| Name of producer, publisher, distributor, manufacturer |
Wiley, |
| Date of production, publication, distribution, manufacture, or copyright notice |
[2022] |
| 300 ## - PHYSICAL DESCRIPTION |
| Extent |
789.pages |
| 336 ## - CONTENT TYPE |
| Content type term |
text |
| Content type code |
txt |
| Source |
rdacontent |
| 337 ## - MEDIA TYPE |
| Media type term |
computer |
| Media type code |
c |
| Source |
rdamedia |
| 338 ## - CARRIER TYPE |
| Carrier type term |
online resource |
| Carrier type code |
cr |
| Source |
rdacarrier |
| 505 ## - FORMATTED CONTENTS NOTE |
| Formatted contents note |
Basic Concepts (Page-4), Resistive Circuits (Page-25), Network Theorems (Page-99), Operational Amplifiers (Page-209), Capacitance and Inductance (Page-239), First- and Second-Order Transient Circuits (Page-281), Sinusoidal Steady-State Analysis (Page-343), Steady-State Power Analysis (Page-397), Magnetically Coupled Networks (Page-451),Three-Phase Circuits (Page-495),Variable-Frequency Network Performance (Page-531), The Laplace Transform (Page-619), Application of the Laplace Transform to Circuit Analysis (Page-643), Fourier Analysis Techniques (Page-693),Two-Port Networks (Page-741),Diodes (Page-767). |
| 520 ## - SUMMARY, ETC. |
| Assigning source |
Provided by publisher. |
| 650 #0 - SUBJECT ADDED ENTRY--TOPICAL TERM |
| Topical term or geographic name entry element |
Electric circuit analysis |
| Form subdivision |
Textbooks. |
| 9 (RLIN) |
94363 |
| 650 #0 - SUBJECT ADDED ENTRY--TOPICAL TERM |
| Topical term or geographic name entry element |
Electronics |
| Form subdivision |
Textbooks. |
| 9 (RLIN) |
21045 |
| 700 1# - ADDED ENTRY--PERSONAL NAME |
| Personal name |
Nelms, R. M., |
| Relator term |
author. |
| 9 (RLIN) |
94364 |
| 776 08 - ADDITIONAL PHYSICAL FORM ENTRY |
| Relationship information |
Print version: |
| Main entry heading |
Irwin, J. David, 1939- |
| Title |
Basic engineering circuit analysis |
| Edition |
12th edition. |
| Place, publisher, and date of publication |
Hoboken, NJ : Wiley, [2020] |
| International Standard Book Number |
9781119502012 |
| Record control number |
(DLC) 2020028696 |
| 906 ## - LOCAL DATA ELEMENT F, LDF (RLIN) |
| a |
7 |
| b |
cbc |
| c |
orignew |
| d |
1 |
| e |
ecip |
| f |
20 |
| g |
y-gencatlg |
| 942 ## - ADDED ENTRY ELEMENTS (KOHA) |
| Source of classification or shelving scheme |
|
| Koha item type |
Book |